[Event "RUS-Cup2"]
[Site "Moscow"]
[Date "1996.??.??"]
[Round "5"]
[White "Nekrasova, Elena"]
[Black "Semenov, A."]
[Result "1-0"]
[WhiteElo "2085"]
[BlackElo "2215"]
[PlyCount "78"]
[EventDate "1996.11.28"]
[EventType "swiss"]
[EventRounds "9"]
[EventCountry "RUS"]
[SourceTitle "CBM 056 Extra"]
[Source "ChessBase"]
[SourceDate "1997.03.01"]
[SourceVersion "1"]
[SourceVersionDate "1997.03.01"]
[SourceQuality "1"]

1. e4 d6 2. d4 Nf6 3. Nc3 g6 4. Nge2 Bg7 5. g3 c6 6. Bg2 0-0 7. a4 e5 8. h3 Nbd7 9. 0-0 Qc7 10. Be3 a5 11. g4 Rb8 12. Ng3 h6 13. f4 exd4 14. Bxd4 Ne8 15. Bxg7 Nxg7 16. Kh2 Nf6 17. Qd4 Nfe8 18. f5 g5 19. Rf2 Bd7 20. Bf1 c5 21. Qd2 Bc6 22. Bc4 Nf6 23. Bd5 Bxd5 24. Nxd5 Nxd5 25. exd5 f6 26. Re1 Rbe8 27. Re6 b6 28. Qc3 Qd8 29. Ne4 Rxe6 30. fxe6 f5 31. gxf5 Nxf5 32. Qd3 Nd4 33. Qf1 Rxf2+ 34. Qxf2 Qe7 35. c3 Nb3 36. Qg3 Kg7 37. Nxd6 Kg6 38. Qd3+ Kh5 39. Nf5 Qf6 1-0

[Event "RUS-Cup2"]
[Site "Moscow"]
[Date "1996.??.??"]
[Round "2"]
[White "Semenov, A."]
[Black "Osadchenko, Andrei"]
[Result "0-1"]
[WhiteElo "2215"]
[BlackElo "2180"]
[PlyCount "69"]
[EventDate "1996.11.28"]
[EventType "swiss"]
[EventRounds "9"]
[EventCountry "RUS"]
[SourceTitle "CBM 056 Extra"]
[Source "ChessBase"]
[SourceDate "1997.03.01"]
[SourceVersion "1"]
[SourceVersionDate "1997.03.01"]
[SourceQuality "1"]

1. e4 c5 2. Nf3 d6 3. g3 g6 4. Bg2 Bg7 5. 0-0 Nf6 6. Re1 Nc6 7. d3 0-0 8. c3 e5 9. Na3 d5 10. Qe2 d4 11. c4 a6 12. Nc2 b5 13. b3 h6 14. Bd2 Be6 15. Na3 Rb8 16. Rec1 Nd7 17. Qe1 f5 18. Nh4 Qf6 19. exf5 Bxf5 20. Nxf5 gxf5 21. Bxc6 Qxc6 22. b4 e4 23. Bf4 Be5 24. cxb5 axb5 25. Qe2 Bxf4 26. gxf4 Kh8 27. dxe4 fxe4 28. Qh5 Rxf4 29. Rxc5 Rg8+ 30. Kf1 Nxc5 31. Qe5+ Qf6 32. Qxf6+ Rxf6 33. bxc5 e3 34. Ke2 Rxf2+ 35. Kd3 0-1